Manažment kariéry vo vybranom podniku diplomová práca

Gespeichert in:
Bibliographische Detailangaben
1. Verfasser: Mlynarčíková, Simona
Körperschaft: Fakulta podnikového manažmentu EU. Katedra manažmentu
Weitere Verfasser: Matulčíková, Marta, 1964-
Format: Buch
Sprache:Slowakisch
Veröffentlicht: Bratislava 2017
Tags: Tag hinzufügen
Keine Tags, Fügen Sie das erste Tag hinzu!

MARC

LEADER 00000nbm a2200000 4500
001 0232393
005 20171219103255.3
041 0 |a slo 
044 |a SK 
245 1 0 |a Manažment kariéry vo vybranom podniku  |b diplomová práca  |c Simona Mlynarčíková ; školiteľ: Marta Matulčíková 
264 1 |a Bratislava  |c 2017 
300 |a 75 s. 
100 1 |a Mlynarčíková, Simona 
700 1 |a Matulčíková, Marta, 1964- 
710 2 |a Fakulta podnikového manažmentu EU. Katedra manažmentu